|
|
|
|
| LEADER |
00000nta a2200000 i 4500 |
| 001 |
dolg34313 |
| 005 |
20210917063301.0 |
| 008 |
210917s2013 hu om 000 hun d |
| 040 |
|
|
|a BGE Dolgozattár Repozitórium
|b hun
|
| 041 |
|
|
|a hu
|
| 100 |
1 |
|
|a Garai Judit
|
| 245 |
1 |
0 |
|a Katica Játék Kft. marketing-, és marketingkommunikációs stratégiája
|c Garai Judit
|h [elektronikus dokumentum]
|
| 260 |
|
|
|c 2013
|
| 695 |
|
|
|a Marketingstratégia
|
| 695 |
|
|
|a Marketingkommunikáció
|
| 700 |
1 |
|
|a Nincs adat Nincs adat
|e ths
|
| 856 |
4 |
0 |
|u http://dolgozattar.uni-bge.hu/34313/1/D_16352_OHHAW5%20-%20Garai%20Judit.pdf
|z Dokumentum-elérés
|